| 000 | 00778cam a2200241 a 4500 | ||
|---|---|---|---|
| 001 | 3073414 | ||
| 005 | 20180214084916.0 | ||
| 008 | 971121s1998 dcu b 001 0 eng | ||
| 010 | _a 97048347 | ||
| 020 | _a1557984808 | ||
| 040 |
_aDLC _cDLC _dDLC |
||
| 041 | _aeng | ||
| 043 | _an-us--- | ||
| 080 | _a362.76 TRI | ||
| 082 | 0 | 0 |
_a362.76 TRI _221 |
| 100 | _a22 | ||
| 101 | _aPOL | ||
| 245 | 0 | 0 |
_aViolence against children in the family and the community / _cedited by Penelope K. Trickett, Cynthia J. Schellenbach. |
| 504 | _aIncludes bibliographical references and index. | ||
| 906 |
_a7 _bcbc _corignew _d1 _eocip _f19 _gy-gencatlg |
||
| 942 |
_2ddc _cBK |
||
| 999 |
_c42531 _d42531 |
||